Foundation analysis and design /
Introduction; Geotechnical and index properties: laboratory testing; settlement and strength correlations; Exploration, sampling and in situ soil measurements; Bearing capacity of foundations; Foundation settlements; Improving site soils for foundation use; Factors to consider in foundation design;...
Salvato in:
| Autore principale: | |
|---|---|
| Natura: | Libro |
| Lingua: | English |
| Pubblicazione: |
New York :
McGraw-Hill,
1996.
|
| Edizione: | 5th ed. |
| Soggetti: | |
| Tags: |
Aggiungi Tag
Nessun Tag, puoi essere il primo ad aggiungerne! !
|
| Thư viện lưu trữ: | Mạng thư viện Đại học Đà Nẵng |
|---|
| LEADER | 01540cam a2200385 i 4500 | ||
|---|---|---|---|
| 001 | 000046209 | ||
| 003 | 5665 | ||
| 005 | 20220114093316.0 | ||
| 008 | 010220b1996 vm 000 eng | ||
| 020 | |a 0079122477 | ||
| 030 | |a 0071140522 | ||
| 040 | |a LRCC |c LRCC |d LRCC | ||
| 041 | 0 | |a eng | |
| 082 | 1 | 4 | |a 624.15 |b BO-J |
| 100 | 1 | |a Bowles, Joseph E. | |
| 245 | 1 | 0 | |a Foundation analysis and design / |c Joseph E. Bowles. |
| 250 | |a 5th ed. | ||
| 260 | |a New York : |b McGraw-Hill, |c 1996. | ||
| 300 | |a xxiii, 1175 p. : |b ill. ; |c 23.5 cm. | ||
| 500 | |a Includes index. | ||
| 520 | 3 | |a Introduction; Geotechnical and index properties: laboratory testing; settlement and strength correlations; Exploration, sampling and in situ soil measurements; Bearing capacity of foundations; Foundation settlements; Improving site soils for foundation use; Factors to consider in foundation design; Spread footing design; Special footings and beams on elastic foundations; Mat foundations.. | |
| 650 | 0 | 4 | |a Foundations. |
| 650 | 0 | 4 | |a Soil mechanics. |
| OWN | |a DUT | ||
| AVA | |a UDN50 |b DUT |c Book |d 624.15 BO-J |e available |t Error 5001 Not defined in file expand_doc_bib_avail. |f 1 |g 0 |h N |i 0 |j SH |k 1 | ||
| 999 | |a From the UDN01 | ||
| AVA | |a UDN50 |b DUT |c Book |d 624.15 BO-J |e available |t Error 5001 Not defined in file expand_doc_bib_avail. |f 1 |g 0 |h N |i 0 |j SH |k 1 | ||
| TYP | |a Monograph | ||
| TYP | |a Printed language | ||
| 980 | |a Mạng thư viện Đại học Đà Nẵng | ||


